• 首页
  • 本馆介绍
  • 公告通知
  • 最新文献
  • 馆藏检索
  • 电子资源
  • 读者导购
  • 参考咨询
  • 我的图书馆
  • 登录
  • 详细信息显示
  • 放入我的书架
  • 预约/预借图书
  • 作者相关作品
  • 分类相关作品
  • 丛书相关作品
  • 出版社相关作品

书目信息

  • 表格格式
  • 工作单格式
  • 卡片格式
题名:
2010年注册会计师考试应试指导及全真模拟测试
    
 
作者: 张志凤 编著
分册:   会计
出版信息: 北京   北京大学出版社  2010
页数: 538页
开本: 26cm
丛书名:
单 册:
中图分类: F23 , F239.0
科图分类:
主题词: 会计学--会计师--考核--自学参考资料
电子资源:
ISBN: 978-7-301-16993-3
000 01070nam0 2200277 450
001 004557157
005 20110224091219.37
010    @a978-7-301-16993-3@dCNY48.00
035    @a004557157
100    @a20100602d2010 em y0chiy0110 ea
101 0  @achi
102    @aCN@b110000
105    @ay zq 000yy
106    @ar
200 1  @a2010年注册会计师考试应试指导及全真模拟测试@A2010 Nian Zhu Ce Hui Ji Shi Kao Shi Ying Shi Zhi Dao Ji Quan Zhen Mo Ni Ce Shi@i会计@IHui Ji@f张志凤编著@FZhang Zhi Feng Bian Zhu
210    @a北京@c北京大学出版社@d2010
215    @a538页@d26cm
300    @a注册会计师全国统一考试辅导用书 2010年注册会计师考试轻松过关系列之一
304    @a东奥会计在线组编
330    @a本书共分为四大部分:第一部分是命题规律总结及趋势预测;第二部分同步辅导及强化训练;第三部分是跨章节综合题演练;第四部分为全真模拟测试题及答案详解。
606 0  @a会计学@x会计师@x考核@j自学参考资料
690    @aF23@v4
690    @aF239.0@v4
701  0 @a张志凤@AZhang Zhi Feng@4编著
801  0 @aCN@bNLC@c20110224
905    @b205997563-590@h599756-59@dF23@e389@f4
    
    2010年注册会计师考试应试指导及全真模拟测试.会计/张志凤编著.-北京:北京大学出版社,2010
    538页;26cm
    注册会计师全国统一考试辅导用书 2010年注册会计师考试轻松过关系列之一
    
    ISBN 978-7-301-16993-3:CNY48.00
    本书共分为四大部分:第一部分是命题规律总结及趋势预测;第二部分同步辅导及强化训练;第三部分是跨章节综合题演练;第四部分为全真模拟测试题及答案详解。
●
相关链接 在E读中查询图书 在五车中查询图书 在当当中查询图书 在豆瓣中查询图书


正题名:2010年注册会计师考试应试指导及全真模拟测试     索取号:F23/389         预约/预借

序号 登录号 条形码 馆藏地/架位号 状态 备注
1 599756   205997563   第一样本阅览室/ [索取号:F23/389] 在馆    
2 599757   205997572   第一借阅区/ [索取号:F23/389] 在馆    
3 599758   205997581   第一借阅区/ [索取号:F23/389] 在馆    
4 599759   205997590   第一借阅区/ [索取号:F23/389] 在馆    
唐山师范学院图书馆 欢迎您!
大连网信软件有限公司© 版权所有